Quizzes
Events
Quiz Creation
Community
Videos
Private Events
Remove Ads
Sign In
Join for FREE
Feedback
Dark Mode
Quiz Categories
Sports
Geography
Music
Movies
Television
Just For Fun
Miscellaneous
History
Literature
Language
Science
Gaming
Entertainment
Religion
Holiday
For Kids
Quiz Lab
Recent
Popular Today
Quiz Kudos Today
Editor Picks
Curator Picks
Quizzes by...
Day
Popularity
Type
Ratings
Length
Year
Community
Subscriptions
Recent Discussions
Orange Saloon
Badges
Playlists
Quests
Create
Leaderboards
Showdown
Live 5
Trivia Bingo
Activity
Puzzle Library
Sporcle Events
Private Events
Virtual Trivia
Globe League
Become a Host
Pub Owners
SporcleCon
Opinionation
Our Games
Videos
Blog
Mobile Apps
Partnerships
Remove Ads and Go Orange
Feedback
Sports
Athletes
MLB
NBA
NHL
NFL
Soccer
Sports Teams
WWE
NCAA
Football
Premier League
Basketball
Baseball
Hockey
Golf
Tennis
Cricket
Rugby
Auto Racing
Olympics
World Cup
Sports
Athletes
MLB
NBA
NHL
NFL
Soccer
Sports Teams
WWE
NCAA
Football
Premier League
Basketball
Baseball
Hockey
Golf
Tennis
Cricket
Rugby
Auto Racing
Olympics
World Cup
Random Quiz
Search Sporcle
×
Quiz Lab
Quiz Lab
Sports
Player
Type in answers that appear in a list
Type in answers that appear in a list
Classic
Best Score? Go Orange.
My top 100 favorite AFL players Stats
Can you name the My top 100 favorite AFL players?
By
THLB
10m
100 Questions
122 Plays
122 Plays
122 Plays
Comments
Comments
Give Quiz Kudos
Give Quiz Kudos
-
- Ratings
hide this ad
Replay
Link that replays current quiz
Next Quiz
Link to next quiz in quiz playlist
You Got
0%
They Got
Avg Score
28%
Avg Friend Score
Upgrade to see
Score Distribution
Jump to the score distribution portion of the page
Score
0/100
Timer
10:00
0
Plays Today
Hint
Answer
% Correct
Tigers
Dustin Martin
95.1%
Lions
Stefan Martin
91%
Tigers
Trent Cotchin
77%
Cats
Patrick Dangerfield
77%
Tigers
Alex Rance
73.8%
Saints
Nick Riewoldt
68.9%
Tigers
Jack Riewoldt
68.9%
Suns
Gary Ablett
67.2%
Cats
Joel Selwood
66.4%
Cats
Scott Selwood
66.4%
GWS
Jeremy Cameron
63.1%
Magpies
Scott Pendlebury
57.4%
Swans
Lance Franklin
53.3%
Dockers
Nat Fyfe
53.3%
Cats
Tom Hawkins
52.5%
GWS
Callam Ward
50%
Crows
Rory Sloane
49.2%
Swans
Josh.P. Kennedy
48.4%
GWS
Adam Kennedy
48.4%
Eagles
Josh Kennedy
48.4%
Crows
Eddie Betts
46.7%
Blues
Marc Murphy
44.3%
Blues
Patrick Cripps
44.3%
Suns
Tom Lynch
43.4%
GWS
Toby Greene
41%
Saints
Jack Steven
41%
GWS
Heath Shaw
40.2%
Magpies
Adam Treloar
40.2%
Magpies
Steele Sidebottom
38.5%
GWS
Devon Smith
38.5%
Cats
Zac Smith
37.7%
Power
Chad Wingard
37.7%
Lions
Ah Chee Smith
37.7%
Power
Robbie Gray
36.9%
Hint
Answer
% Correct
Demons
Nathan Jones
36.1%
GWS
Steven Johnson
34.4%
Kanaroos
Ben Brown
32.8%
GWS
Phil Davis
32%
Cats
Harry Taylor
31.1%
Hawks
Luke Hodge
29.5%
Magpies
Taylor Adams
28.7%
Dockers
Matthew Pavlich
28.7%
Kangroos
Brent Harvey
27%
Kangaroos
Todd Goldstein
27%
GWS
Shane Mumford
26.2%
Cats
Corey Enright
24.6%
Tigers
Sam Lloyd
24.6%
Cats
Steven Motlop
24.6%
Crows
Rory Laird
23.8%
Cats
Jimmy Bartel
22.1%
Bulldogs
Matthew Boyd
22.1%
Bulldogs
Tom Boyd
22.1%
Bombers
Jobe Watson
21.3%
Tigers
Dlyan Grimes
21.3%
Eagles
Jermey McGovern
20.5%
Crows
Mitch McGovern
20.5%
Lions
Tom Rockliff
20.5%
Tigers
Taylor Hunt
19.7%
Crows
Josh Jenkins
18.9%
Kangroos
Drew Petrie
18.9%
Power
Justin Westhoff
18.9%
Dockers
Stephen Hill
18%
Tigers
Ty Vickery
18%
Saints
Josh Bruce
17.2%
Saints
Sebastian Ross
16.4%
Kangaroos
Luke McDonald
16.4%
Hawks
Josh Gibson
14.8%
Saints
Tim Membrey
13.9%
Hint
Answer
% Correct
Crows
Sam Jacobs
13.9%
Demons
Bernie Vince
13.9%
Saints
Jack Billings
13.9%
Lions
Mitch Robinson
13.1%
Magpies
Jermey Howe
12.3%
Tigers
Anthony Miles
12.3%
Demons
Jack Watts
12.3%
GWS
Ryan Griffen
11.5%
Tigers
Shaun Hampson
10.7%
Magpies
Travis Varcoe
10.7%
Cats
Rhys Stanley
9.8%
Tigers
David Astbury
9.8%
GWS
Jacob Hopper
9.8%
Tigers
Steven Morris
8.2%
Power
Jay Schulz
8.2%
Kangaroos
Nick Dal Santo
8.2%
Saints
Tom Hickey
8.2%
Power
Jared Polec
7.4%
Tigers
Chris Yarran
6.6%
Saints
Sam Fisher
6.6%
Dockers
Shane Yarran
6.6%
Cats
Nathan Cockatoo
5.7%
Bulldogs
Mitch Wallis
5.7%
Crows
Jake Lever
5.7%
Lions
Eric Hipwood
4.9%
Power
John Butcher
4.1%
Magpies
Dane Swans
4.1%
Crows
Kyle Hartigan
4.1%
Dockers
Matt Taberner
4.1%
GWS
Joel Patfull
4.1%
Tigers
Nathan Drummond
4.1%
Demons
Max Gwan
3.3%
Quiz Playlist
Details
Report
Send in Message
Add To Playlist
Classic:
Type in answers that appear in a list
Last Updated: Feb 16, 2017
Quiz Scoreboard
CHALLENGE
Sign Up to Join the Scoreboard
Show All
Scores
Hide
Comments
May contain spoilers
Recently Published
Movies - When Are They Set?
by FPL_Elf
Movies
5m
Popular People in 1961
by mucciniale
History
6m
1-10 Letter E Words III
by El_Dandy
Language
2m
More to Explore
Quiz From the Vault
Featured Blog Post
Where Did the Easter Bunny Come From?
hide this ad
You Might Also Like...
Tags
100
AFL
Favorite
Player
Today's Top Quizzes in Sports
Browse Sports
hide this ad
Today's Top Quizzes in Player
Browse Player
Top Contributed Quizzes in Sports
1
Les meilleurs buteurs des matchs entre le PSG et l’OM
2
Les entraîneurs de l'OM et du PSG au 21e siècle
3
FIFA Club World Cup Champions
4
2022 World Cup Stars
5
Name the Premier League winners with different clubs
6
La finale Lions - Afrique du Sud 2021
7
Criteria MLB: Left Handed Sluggers
8
Players with Multiple 50 Home Run Seasons
9
MLB Players with Two .350 Batting Average Seasons
10
MLB Hall of Famer by Rings
Explore More
Trending Topics
Harry Potter
Kpop
NBA
Marvel
Anime
Disney
Crossword
Puzzle
Song
The Office
WWE
NFL
Country
Soccer
Pokémon
hide this ad
More By:
THLB
Quiz
Plays
Rating
Category
Featured
Created
Name That NBA Stat
2,438
1.50
Sports
Mar 29, 2016
Best NBA players of All-Time
627
1.38
Sports
Mar 3, 2016
Guess the 10 NBA players?
237
1.80
Sports
Mar 6, 2016
My top 20 NBA players 2017
218
2.33
Sports
Feb 8, 2017
NBA Starting 5 2015-16
195
3.00
Sports
Jul 28, 2016
Go to Creator's Profile
Score Distribution
Quiz Creator Spotlight
THLB
Follow
Send a Message
Quizzes Created
-
Created Quiz Play Count
-
More By This Creator
Popular Quizzes Today
1
Find the US States - No Outlines Minefield
2
Find the Countries of Europe - No Outlines Minefield
3
The Countries of the World
4
Popular People in 1961
5
1-10 Letter E Words III
6
US States
7
Find the US States
8
One Thing in Common: World Cities II
More Sports Quizzes
MLB most home runs by 2 teammates N.L. (1960-1979)
Quiz Lab
Trending Quizzes
Risky Map Clicking: Least Populous States A-Z
1-10 Letter F Words
1-10 Letter G Words
One Thing in Common: United Kingdom
Risky Map Clicking: Next State Alphabetically
Recently Updated
Leaping Animals
pecheneg
Reality TV Shows (A-Z)
bhenderson79
Rickey Henderson's Hall of Fame Teammates
pecheneg
Champions League XIs: Arsenal
pecheneg
Quick Pick: Celebrities in WWE's Hall of Fame
aduchscher
A-Z Keypad Blitz II
pecheneg
Multiple Oscar Actors
pecheneg
Mystery Phrase Blitz: Oscar 'Best Actors'
pecheneg
F. Scott Fitzgerald Novels
LTH
Pick 3 Villains
ddd62291
Trending Topics
Anime
NBA
Marvel
Kpop
Disney
Harry Potter
Crossword
Song
WWE
NFL
The Office
Puzzle
Pokémon
Soccer
Country
Your Account Isn't Verified!
In order to create a playlist on Sporcle, you need to verify the email address you used during registration. Go to your
Sporcle Settings
to finish the process.
Report this User
Report this user for behavior that violates our
Community Guidelines
.
Details:
Send Report
Go to the Sporcle.com Mobile Site →
Comments